Schaum's outline of elementary algebra / (Record no. 29775)

000 -LEADER
fixed length control field 00769 a2200217 4500
020 ## - INTERNATIONAL STANDARD BOOK NUMBER
International Standard Book Number 007141083X
020 ## - INTERNATIONAL STANDARD BOOK NUMBER
International Standard Book Number 9780071410830
082 ## - DEWEY DECIMAL CLASSIFICATION NUMBER
Classification number 512
090 ## - LOCALLY ASSIGNED LC-TYPE CALL NUMBER (OCLC); LOCAL CALL NUMBER (RLIN)
-- 1162
-- 1162
100 1# - MAIN ENTRY--PERSONAL NAME
Personal name Rich, Barnett.
245 10 - TITLE STATEMENT
Title Schaum's outline of elementary algebra /
Statement of responsibility, etc. Barnett Rich, Philip Schmidt.
250 ## - EDITION STATEMENT
Edition statement 3rd ed.
260 ## - PUBLICATION, DISTRIBUTION, ETC.
Place of publication, distribution, etc. [S.l.] :
Name of publisher, distributor, etc. McGraw-Hill,
Date of publication, distribution, etc. 2004.
300 ## - PHYSICAL DESCRIPTION
Extent 400 p. ;
Dimensions 28 cm.
490 1# - SERIES STATEMENT
Series statement third edition
700 1# - ADDED ENTRY--PERSONAL NAME
Personal name Schmidt, Philip.
830 #0 - SERIES ADDED ENTRY--UNIFORM TITLE
Uniform title third edition
942 ## - ADDED ENTRY ELEMENTS (KOHA)
Institution code [OBSOLETE] SNS
Koha item type Book
Call number prefix 512 RIC
Holdings
Withdrawn status Lost status Damaged status Not for loan Permanent Location Current Location Date acquired Total Checkouts Full call number Barcode Date last seen Price effective from Koha item type
        School of Natural Sciences (SNS) School of Natural Sciences (SNS) 05/26/2016   512 RIC SNS0001481 05/26/2016 05/26/2016 Book
        School of Natural Sciences (SNS) School of Natural Sciences (SNS) 05/26/2016   512 RIC SNS0001480 05/26/2016 05/26/2016 Book
© 2023 Central Library, National University of Sciences and Technology. All Rights Reserved.